{"text_format":"1","workbook":"xlsx","n_sheets":1,"sheets":["States"],"not_rendered":{"charts":0,"images":0,"macros":0,"external_links":0,"defined_names":0,"comments":0,"pivot_tables":0},"unopened":[],"bounds":{"document_bytes":16777216,"sheet_cells":100000,"rows_first":2000,"rows_last":500,"rows_between":2000,"halvings":0,"cell_chars":16384,"cell_head_chars":4096},"cells_cut":0,"cells_raw":0,"read":"whole","date_system":"1900"}

{"sheet":"States","index":0,"n_rows":56,"n_cols":16,"rows_kept":56,"cut":false,"hidden":false,"merged":[]}
["State Code","Total  Loans","Avg. Loan Amount","Loan Amount Sum - ALL","Total Purchase Loans","Total Purchase Loans %","Loan Amount Avg - Purchase","Total Loan Amount - Purchase","Total IRRRL Loans","Total IRRRL Loans %","Loan Amount Avg - IRRRL","Total Loan Amount - IRRRL","Total Cash-Out Loans","Total Cash-Out %","Loan Amount Avg - Cash-Out","Total Loan Amount - Cash-Out"]
["Grand Total",135734,362230,49166991002,102978,0.75870000000000004,376734,38795307734,285,2.0999999999999999E-3,247516,70542188,32471,0.2392,317241,10301141080]
["AK",868,381471,331117023,790,0.91010000000000002,387076,305790053,1,1.1999999999999999E-3,302886,302886,77,8.8700000000000001E-2,324988,25024084]
["AL",3499,301078,1053472254,2634,0.75280000000000002,313793,826531887,4,1.1000000000000001E-3,176537,706146,861,0.24610000000000001,262758,226234221]
["AR",1467,260556,382236023,1079,0.73550000000000004,272559,294091186,4,2.7000000000000001E-3,168782,675127,384,0.26179999999999998,227786,87469710]
["AZ",4283,393094,1683619766,2844,0.66400000000000003,411600,1170590771,12,2.8E-3,290801,3489613,1427,0.3332,357070,509539382]
["CA",7349,564436,4148037174,5148,0.70050000000000001,598785,3082547250,13,1.8E-3,365364,4749730,2188,0.29770000000000002,484799,1060740194]
["CO",4108,479171,1968434761,3085,0.751,501940,1548483374,15,3.7000000000000002E-3,367431,5511466,1008,0.24540000000000001,411151,414439921]
["CT",688,336627,231599180,508,0.73839999999999995,350700,178155370,3,4.4000000000000003E-3,328651,985954,177,0.25729999999999997,296372,52457856]
["DC",108,672637,72644780,92,0.85189999999999999,691744,63640435,0,0,null,0,16,0.14810000000000001,562772,9004345]
["DE",516,360736,186139920,381,0.73839999999999995,376752,143542480,2,3.8999999999999998E-3,125039,250078,133,0.25779999999999997,318401,42347362]
["FL",13424,377398,5066188090,9589,0.71430000000000005,394969,3787360221,17,1.2999999999999999E-3,269471,4581015,3818,0.28439999999999999,333747,1274246854]
["GA",7472,325642,2433197568,5076,0.67930000000000001,341060,1731222505,18,2.3999999999999998E-3,171559,3088056,2378,0.31830000000000003,293897,698887007]
["GU",83,489606,40637275,72,0.86750000000000005,509583,36689972,1,1.2E-2,324800,324800,10,0.1205,362250,3622503]
["HI",813,728298,592105957,713,0.877,739829,527497827,1,1.1999999999999999E-3,1110887,1110887,99,0.12180000000000001,641386,63497243]
["IA",889,253173,225071066,722,0.81210000000000004,264447,190931074,3,3.3999999999999998E-3,241418,724253,164,0.1845,203755,33415739]
["ID",971,395316,383851901,655,0.67459999999999998,421887,276336291,4,4.1000000000000003E-3,156070,624279,312,0.32129999999999997,342600,106891331]
["IL",2784,270766,753812614,2224,0.79890000000000005,279827,622335525,7,2.5000000000000001E-3,252893,1770251,553,0.1986,234551,129706838]
["IN",2463,265616,654212539,1711,0.69469999999999998,282957,484139409,2,8.0000000000000004E-4,181955,363909,750,0.30449999999999999,226279,169709221]
["KS",1334,257869,343997076,1041,0.78039999999999998,268323,279324479,5,3.7000000000000002E-3,251779,1258896,288,0.21590000000000001,220186,63413701]
["KY",1875,266502,499691029,1367,0.72909999999999997,277262,379017239,6,3.2000000000000002E-3,257136,1542816,502,0.26769999999999999,237313,119130974]
["LA",1706,278674,475418649,1381,0.8095,289004,399114109,5,2.8999999999999998E-3,137666,688330,320,0.18759999999999999,236301,75616210]
["MA",847,464322,393280866,598,0.70599999999999996,498101,297864510,2,2.3999999999999998E-3,232164,464328,247,0.29160000000000003,384421,94952028]
["MD",3302,455266,1503288165,2507,0.75919999999999999,474895,1190562081,9,2.7000000000000001E-3,212037,1908333,786,0.23799999999999999,395442,310817751]
["ME",516,324131,167251410,376,0.72870000000000001,340216,127921235,0,0,null,0,140,0.27129999999999999,280930,39330175]
["MI",2417,255930,618583492,1694,0.70089999999999997,272404,461452214,4,1.6999999999999999E-3,181021,724084,719,0.29749999999999999,217534,156407194]
["MN",1448,325438,471234284,1140,0.7873,338444,385825924,3,2.0999999999999999E-3,255968,767905,305,0.21060000000000001,277510,84640455]
["MO",2866,268770,770293430,2179,0.76029999999999998,279041,608030532,8,2.8E-3,164255,1314042,679,0.2369,237038,160948856]
["MS",1385,267858,370982813,1058,0.76390000000000002,278488,294640388,3,2.2000000000000001E-3,149810,449430,324,0.2339,234238,75892995]
["MT",607,383433,232743795,450,0.74139999999999995,400710,180319315,0,0,null,0,157,0.2586,333914,52424480]
["NC",7900,312535,2469025271,5794,0.73340000000000005,324502,1880167318,17,2.2000000000000001E-3,202463,3441866,2089,0.26440000000000002,280237,585416087]
["ND",335,289177,96874377,292,0.87160000000000004,294307,85937729,0,0,null,0,43,0.12839999999999999,254341,10936648]
["NE",883,300011,264910008,671,0.75990000000000002,312203,209488000,1,1.1000000000000001E-3,169160,169160,211,0.23899999999999999,261862,55252848]
["NH",476,403082,191867152,349,0.73319999999999996,429943,150050185,0,0,null,0,127,0.26679999999999998,329267,41816967]
["NJ",1252,391320,489933139,886,0.7077,421307,373277913,2,1.6000000000000001E-3,144003,288005,364,0.29070000000000001,319690,116367221]
["NM",1320,304740,402256351,1000,0.75760000000000005,314300,314299621,2,1.5E-3,137750,275500,318,0.2409,275727,87681230]
["NV",2049,424762,870336622,1398,0.68230000000000002,443829,620472885,2,1E-3,331818,663635,649,0.31669999999999998,383976,249200102]
["NY",1657,315015,521979500,1276,0.77010000000000001,325697,415589064,2,1.1999999999999999E-3,214100,428200,379,0.22869999999999999,279584,105962236]
["OH",3873,255979,991408588,2800,0.72299999999999998,269697,755150623,3,8.0000000000000004E-4,102066,306199,1070,0.27629999999999999,220516,235951766]
["OK",2465,269545,664429647,1921,0.77929999999999999,276863,531853943,8,3.2000000000000002E-3,242998,1943987,536,0.21740000000000001,243716,130631717]
["OR",1514,411381,622830988,1031,0.68100000000000005,439632,453260788,4,2.5999999999999999E-3,132426,529702,479,0.31640000000000001,352903,169040498]
["PA",2803,283407,794390042,2017,0.71960000000000002,299980,605060026,6,2.0999999999999999E-3,173029,1038171,780,0.27829999999999999,241400,188291845]
["PR",177,209479,37077846,155,0.87570000000000003,209675,32499695,1,5.5999999999999999E-3,114766,114766,21,0.1186,212542,4463385]
["RI",269,395691,106440757,201,0.74719999999999998,412648,82942313,1,3.7000000000000002E-3,177619,177619,67,0.24909999999999999,348072,23320825]
["SC",4317,323263,1395527210,3205,0.74239999999999995,339481,1088037410,2,5.0000000000000001E-4,221313,442626,1110,0.2571,276619,307047174]
["SD",431,315988,136191007,330,0.76570000000000005,329982,108894087,1,2.3E-3,197940,197940,100,0.23200000000000001,270990,27098980]
["TN",4186,328042,1373184981,2799,0.66869999999999996,348038,974157870,7,1.6999999999999999E-3,200163,1401143,1380,0.32969999999999999,288135,397625968]
["TX",13216,367817,4861068612,13032,0.98609999999999998,367374,4787612462,39,3.0000000000000001E-3,255326,9957709,145,1.0999999999999999E-2,437920,63498441]
["UT",1123,474155,532476402,809,0.72040000000000004,501418,405647542,1,8.9999999999999998E-4,147000,147000,313,0.2787,404734,126681860]
["VA",8702,415497,3615656609,6971,0.80110000000000003,428782,2989040132,25,2.8999999999999998E-3,315884,7897095,1706,0.19600000000000001,362673,618719382]
["VI",12,583470,7001641,11,0.91669999999999996,599697,6596669,0,0,null,0,1,8.3299999999999999E-2,404972,404972]
["VT",159,312079,49620565,114,0.71699999999999997,315374,35952616,0,0,null,0,45,0.28299999999999997,303732,13667949]
["WA",3967,479167,1900855104,2887,0.7278,503348,1453167055,6,1.5E-3,384132,2304791,1074,0.2707,414696,445383258]
["WI",1495,274664,410622591,1101,0.73650000000000004,289479,318716283,2,1.2999999999999999E-3,136077,272154,392,0.26219999999999999,233761,91634154]
["WV",658,260156,171182789,502,0.76290000000000002,272554,136822015,1,1.5E-3,168306,168306,155,0.2356,220597,34192468]
["WY",405,337328,136617643,310,0.76539999999999997,343784,106573174,0,0,null,0,95,0.2346,316258,30044469]